Statistics for UK General Elections by Maps

Click here to take the quiz!

General Stats

  • This quiz has been taken 182 times
    (159 since last reset)
  • The average score is 8 of 20

Answer Stats

Answer% Correct
2015
88%
2017
72%
2010
67%
2005
66%
1979
60%
1992
59%
1997
59%
2001
59%
1987
41%
1945
40%
1983
38%
1950
25%
1966
24%
1955
23%
1959
22%
1951
21%
1964
20%
1970
20%
1974 (February)
11%
1974 (October)
10%

Score Distribution

Percentile by Number Answered

Percent of People with Each Score

Your Score History

You have not taken this quiz since the last reset